| 000 | 00327nam a2200109 4500 | ||
|---|---|---|---|
| 999 |
_c10413 _d10413 |
||
| 008 | 180829b ||||| |||| 00| 0 eng d | ||
| 245 | _aWith jihadis at the door, Syrians rush to rescue history. | ||
| 260 |
_aPhilippines _bPhilippine Daily Inquirer _cc2016 |
||
| 300 | _apage A25. | ||
| 650 | 0 |
_930586 _aHistory. |
|
| 942 |
_2ddc _cPER |
||